Ions in solution / (Record no. 5149)

MARC details
000 -LEADER
fixed length control field 00891cam a2200325 4500
001 - CONTROL NUMBER
control field 2192100
005 - DATE AND TIME OF LATEST TRANSACTION
control field 20150415153503.0
006 - FIXED-LENGTH DATA ELEMENTS--ADDITIONAL MATERIAL CHARACTERISTICS--GENERAL INFORMATION
fixed length control field 000
007 - PHYSICAL DESCRIPTION FIXED FIELD--GENERAL INFORMATION
fixed length control field 000
008 - FIXED-LENGTH DATA ELEMENTS--GENERAL INFORMATION
fixed length control field 000
010 ## - LIBRARY OF CONGRESS CONTROL NUMBER
LC control number 72193491
020 ## - INTERNATIONAL STANDARD BOOK NUMBER
International Standard Book Number 019855401X
040 ## - CATALOGING SOURCE
Original cataloging agency UOEL
Transcribing agency DLC
Modifying agency DLC
050 00 - LIBRARY OF CONGRESS CALL NUMBER
Classification number QD561
Item number .R62
082 00 - DEWEY DECIMAL CLASSIFICATION NUMBER
Classification number 541/.37
100 1# - MAIN ENTRY--PERSONAL NAME
Personal name Robbins, J.
Fuller form of name (John)
245 10 - TITLE STATEMENT
Title Ions in solution /
Statement of responsibility, etc J. Robbins.
260 ## - PUBLICATION, DISTRIBUTION, ETC. (IMPRINT)
Place of publication, distribution, etc Oxford,
Name of publisher, distributor, etc Clarendon Press,
Date of publication, distribution, etc c1972.
300 ## - PHYSICAL DESCRIPTION
Extent v.
Other physical details illus.
Dimensions 22 cm.
350 ## - PRICE (NR) (BK AM CF MU VM SE) [OBSOLETE]
Price £1.50 (pbk.)
490 0# - SERIES STATEMENT
Series statement Oxford chemistry series
500 ## - GENERAL NOTE
General note Vol. 3 by G. Pass.
504 ## - BIBLIOGRAPHY, ETC. NOTE
Bibliography, etc Bibliography: v. 2, p. [122]-124.
505 1# - FORMATTED CONTENTS NOTE
Formatted contents note --v. 2. An introduction to electrochemistry.--3. Inorganic properties.
650 #0 - SUBJECT ADDED ENTRY--TOPICAL TERM
Topical term or geographic name as entry element Ionic solutions.
Topical term or geographic name as entry element Electrolyte solutions.
700 1# - ADDED ENTRY--PERSONAL NAME
Personal name Pass, Geoffrey.
906 ## - LOCAL DATA ELEMENT F, LDF (RLIN)
a 7
b cbc
c orignew
d 2
e ncip
f 19
g y-gencatlg
942 ## - ADDED ENTRY ELEMENTS (KOHA)
Source of classification or shelving scheme Library of Congress Classification
Item type Loan - Normal on open shelf
Holdings
Withdrawn status Lost status Source of classification or shelving scheme Damaged status Not for loan Home library Current library Shelving location Date acquired Total Checkouts Full call number Barcode Date last seen Date last borrowed Copy number Price effective from Koha item type
    Library of Congress Classification     UOE Main Library UOE Main Library Open shelf 15/04/2015 1 QD561 .R62 10039298 27/04/2026 06/09/2017 10039298 15/04/2015 Loan - Normal on open shelf